000 00468nam a2200145Ia 4500
005 20250521035303.0
008 240331s9999 xx 000 0 und d
082 _bDES
_a305
100 _aDe Silva, Dulci
245 0 _aParlimentuwa thula streen
260 _aRajagiriya
_bMothers and Daughters of Child Organization
_c2003
300 _a25 p .,
500 _aThis Booklet Present to a Concise Overview of women's Representation in the Sri Lankan Parliament
942 _cL
999 _c1455
_d1455